00679cam a22001932 4500001001100000005001700011008004100028020002800069040001500097050002200112100003600134245012600170250001300296260002600309300001700335650004200352650005500394700003600449000000340620151217161132.0070504s xx 000 0 eng d a019920800X :cKES 6,000 aKABUcKABU 0aK4610b.A31994M381 aMatsushita, Mitsuo.@000015331814aThe World Trade Organization law, practice and policy /cMitsuo Matsushita, Thomas J. Schoenbaum and Petros C. Mavroidis. a2nd ed. aOxford :bOUP,c2006. acvii, 989 p. 0aWorld Trade Organization.@0000151316 0aGeneral Agreement on Tariff and Trade.@00001533191 aMatsushita, Mitsuo.@0000153318